Australian Parrots Quiz - Statistics

General Stats
  • This quiz has been taken 252 times
  • The average score is 24 of 54
Answer Stats
Answer % Correct
Cockatoos Sulphur-crested Cockatoo
83%
Parrots Rainbow Lorikeet
78%
Cockatoos Galah
76%
Parrots Budgerigar
75%
Cockatoos Cockatiel
75%
Cockatoos Red-tailed Black-Cockatoo
64%
Parrots Australian King Parrot
62%
Cockatoos Palm Cockatoo
61%
Parrots Crimson Rosella
60%
Parrots Eastern Rosella
58%
Cockatoos Gang-Gang Cockatoo
58%
Cockatoos Major Mitchell's Cockatoo
58%
Cockatoos Yellow-tailed Black-Cockatoo
58%
Cockatoos Little Corella
54%
Cockatoos Long-billed Corella
54%
Cockatoos Glossy Black-Cockatoo
53%
Parrots Night Parrot
53%
Parrots Swift Parrot
53%
Cockatoos Carnaby's Black-Cockatoo
51%
Parrots Red-rumped Parrot
51%
Parrots Western Rosella
51%
Parrots Musk Lorikeet
46%
Cockatoos Baudin's Black-Cockatoo
45%
Parrots Eastern Ground Parrot
44%
Parrots Orange-bellied Parrot
43%
Parrots Australian Ringneck
42%
Parrots Purple-crowned Lorikeet
42%
Parrots Little Lorikeet
40%
Parrots Pale-headed Rosella
39%
Parrots Princess Parrot
38%
Parrots Superb Parrot
38%
Cockatoos Western Corella
38%
Parrots Mulga Parrot
37%
Parrots Northern Rosella
36%
Parrots Green Rosella
35%
Parrots Scaly-breasted Lorikeet
34%
Parrots Bluebonnet
33%
Parrots Varied Lorikeet
33%
Parrots Eclectus Parrot
31%
Parrots Blue-winged Parrot
30%
Parrots Elegant Parrot
30%
Parrots Red-winged Parrot
30%
Parrots Double-eyed Fig-Parrot
28%
Parrots Red-capped Parrot
28%
Parrots Red-cheeked Parrot
28%
Parrots Red-collared Lorikeet
28%
Parrots Bourke's Parrot
27%
Parrots Turquoise Parrot
27%
Parrots Regent Parrot
26%
Parrots Golden-shouldered Parrot
25%
Parrots Hooded Parrot
25%
Parrots Rock Parrot
22%
Parrots Western Ground Parrot
21%
Parrots Scarlet-chested Parrot
19%
No matching quizzes found
Score Distribution
Percent of People with Each Score
Percentile by Number Answered
Your Score History
You have not taken this quiz